[Event "IECG C3.2000.0.00125"]
[Site "IECG email"]
[Date "2000.01.12"]
[Round "?"]
[White "Berrisford, Shaun"]
[Black "Gronlund, Jan"]
[Result "1-0"]
[WhiteElo "1132"]
[BlackElo "1350"]
[PlyCount "53"]
[EventDate "2000.01.12"]
[EventType "tourn (corr)"]
[EventRounds "6"]
[SourceTitle "Corr 2008"]
[Source "ChessBase"]
[SourceDate "2008.06.24"]
[SourceVersion "1"]
[SourceVersionDate "2008.06.24"]
[SourceQuality "1"]

1. e4 c5 2. Nf3 Nc6 3. Bb5 e6 4. Bxc6 bxc6 5. Nc3 Nf6 6. d3 Be7 7. 0-0 Qc7 8. e5 Nd5 9. Bd2 Nxc3 10. Bxc3 0-0 11. Re1 Ba6 12. Nd2 f5 13. exf6 Bxf6 14. Bxf6 Rxf6 15. Ne4 Rh6 16. h3 d6 17. a3 e5 18. c4 Bc8 19. b4 cxb4 20. axb4 Be6 21. c5 d5 22. Nd6 Rg6 23. Qh5 Qd7 24. g4 Rb8 25. Qxe5 Rxb4 26. f4 h5 27. f5 1-0